| 000 | 00791nab a2200229 a 4500 | ||
|---|---|---|---|
| 005 | 20210219162051.0 | ||
| 008 | 991125s1985 mx 000 0 spa u | ||
| 035 | _aUPN01000197101 | ||
| 049 | _aART | ||
| 100 | 1 | _aHernández García Rebollo, Enrique | |
| 100 | 1 | _ukykoatl@yahoo.com.mx | |
| 222 |
_aARGUMENTOS : _bESTUDIOS CRITICOS DE LA SOCIEDAD |
||
| 245 | _aDiversa identidad : algunas notas a partir del fenómeno emo | ||
| 260 | _aMéxico | ||
| 300 | _a115-136 | ||
| 362 | 0 | _a2009 Año 22, no. 60, may.-ago. | |
| 653 | 0 | _aIDENTIDAD | |
| 653 | 0 | _aPOSMODERNIDAD | |
| 653 | 0 | _aDIVERSIDAD CULTURAL | |
| 856 | _uhttp://argumentos.xoc.uam.mx/BUSQUEDA.php?indice=AUTOR&terminos=Hern%C3%A1ndez%20Garc%C3%ADa%20Rebollo,%20Enrique&pagina=1&indice_resultados=0 | ||
| 905 | _aArticulo | ||
| 999 |
_c169202 _d169202 |
||